Ochrana finančných spotrebiteľov v krajinách EÚ diplomová práca

Gespeichert in:
Bibliographische Detailangaben
1. Verfasser: Berecová, Dominika
Körperschaft: Obchodná fakulta EU. Katedra medzinárodného obchodu
Weitere Verfasser: Pavelka, Ľuboš, 1962-
Format: Buch
Sprache:Slowakisch
Veröffentlicht: Bratislava 2011
Tags: Tag hinzufügen
Keine Tags, Fügen Sie das erste Tag hinzu!

MARC

LEADER 00000nbm a2200000 4500
001 0131860
005 20161109101737.9
041 0 |a slo 
044 |a SK 
245 1 0 |a Ochrana finančných spotrebiteľov v krajinách EÚ  |b diplomová práca  |c Dominika Berecová ; školiteľ: Ľuboš Pavelka 
264 1 |a Bratislava  |c 2011 
300 |a 88 s. 
100 1 |a Berecová, Dominika 
700 1 |a Pavelka, Ľuboš, 1962- 
710 2 |a Obchodná fakulta EU. Katedra medzinárodného obchodu